Central Asian News Services

Detalles Bibliográficos
Formato: Libro
Lenguaje:inglés
Publicado: [s.l.] : Asianet, 2013 -
Materias:
Acceso en línea:Acceso restringido

MARC

LEADER 00000nam a22000007a 4500
005 2014102300040.0
007 cr|||| ||||
008 141023c20139999kg kr|d |||| 0|||b1eng d
035 |a 11588 
040 |a vLex 
090 |c 5266  |d 5266 
245 0 0 |a Central Asian News Services  |h [Recurso electrn̤ico] 
256 |a Servicio en ln̕ea 
260 |a [s.l.] :  |b Asianet,  |c 2013 - 
300 |a 1 recurso electrn̤ico 
362 |a Nm︢. 1 (2013) - 
506 0 |a Contenido disponible en los productos indicados  |d vLex Global  |d vLex Global (Academic Edition, excluding Law Schools)  |d vLex Global (U.S. Academic Edition, Law Schools)  |d vLex Global (U.S. Academic Edition, excluding Law Schools)  |d vLex Global (Academic Edition, Law Schools) 
650 |a Agencias de noticias 
740 0 |a vLex Revistas (Servicio en ln̕ea) 
856 4 0 |u http://vlex.com/source/central-asian-news-services-11588  |z Acceso restringido 
942 |c REV 
999 0 |a News agencies